[Event "Angers op 2nd"]
[Site "Angers"]
[Date "2007.04.14"]
[Round "4.38"]
[White "Cheval, Thierry"]
[Black "Guichard, Claude"]
[Result "0-1"]
[WhiteElo "1330"]
[BlackElo "1300"]
[PlyCount "134"]
[EventDate "2007.04.13"]
[EventType "swiss"]
[EventRounds "6"]
[EventCountry "FRA"]
[SourceTitle "CBM 117 Extra"]
[Source "ChessBase"]
[SourceDate "2007.05.09"]
[SourceVersion "1"]
[SourceVersionDate "2007.05.09"]
[SourceQuality "1"]

1. d4 e6 2. e4 d6 3. Nf3 b6 4. c4 Bb7 5. Nc3 c5 6. d5 Bc8 7. Bd3 Be7 8. Be3 Bf6 9. Qc2 Nd7 10. 0-0 Bxc3 11. Qxc3 Ngf6 12. h3 a6 13. a4 a5 14. b3 0-0 15. Kh1 Qc7 16. Rg1 e5 17. Nd2 Nb8 18. f4 Nbd7 19. f5 Nb8 20. g4 h6 21. Rg2 g6 22. Bxh6 Re8 23. Rag1 Kh7 24. Bg5 Nbd7 25. fxg6+ fxg6 26. Rh2 Rh8 27. Be2 Kg7 28. Qg3 Bb7 29. h4 Rh7 30. h5 gxh5 31. gxh5 Kf7 32. Bxf6 Nxf6 33. Qg6+ Ke7 34. Qg5 Rg8 35. Qh4 Qd8 36. Rhg2 Rxg2 37. Rxg2 Qh8 38. Rg5 Bc8 39. Nf1 Bd7 40. Ng3 Be8 41. Nf5+ Kd7 42. h6 Ng8 43. Rg7+ Rxg7 44. Nxg7 Qxh6 45. Qxh6 Nxh6 46. Nxe8 Kxe8 47. Kg2 Kf7 48. Kg3 Kg6 49. Kh4 Kf6 50. Kh5 Nf7 51. Bf1 Ng5 52. Bd3 Nf3 53. Kh6 Nd4 54. Kh7 Nxb3 55. Kg8 Ke7 56. Kg7 Nd2 57. Kg6 Nf3 58. Be2 Nd4 59. Bd3 Nf3 60. Be2 Nd2 61. Bd3 Nb3 62. Kg7 Nd2 63. Kg6 Nf3 64. Kf5 Nd4+ 65. Kg6 Nf3 66. Kf5 Kf7 67. Be2 Nd4+ 0-1